Bardejov mestská pamiatková rezervácia : Hrubá bašta - pozostatok mestských hradieb

Zobrazenie:

Bibliographic Details
Other Authors: Holent, Peter, 1956- (Photographer)
Format: Photo
Language:Slovak
PhysicalDescription:1 pohľadnica (4 čiastkové pohľady) farebná 11 x 15 cm
Published: Bratislava ČSTK-Pressfoto 1989
Subjects:

MARC

LEADER 00000ckm a2200000 a 4500
001 vtls001205716
003 SK-MaSNL
005 20260331202638.0
007 kf co
008 180703s1989 xo g 0kuslo
015 |a SNBG1989 
035 |a SNK000148786 
040 |a SNK  |b slo  |c SNK  |e AACR2 
041 0 |a slo 
043 |a e-xo--- 
044 |a xo  |c SK 
072 7 |a 913  |x Regionálna geografia  |2 konspekt 
080 |a 913(437.6)  |2 2011 
080 |a 904(084.121)  |2 2011 
100 1 |a Holent, Peter,  |d 1956-  |4 pht  |9 174100 
245 1 0 |a Bardejov  |h grafika  |b mestská pamiatková rezervácia : Hrubá bašta - pozostatok mestských hradieb  |c foto: P. Holent ; grafický návrh: S. Štubňa 
246 1 |i Názov na obrazovej časti:  |a Bardejov 
260 |a Bratislava  |b ČSTK-Pressfoto  |c 1989  |e Skalica  |f Grafobal 
300 |a 1 pohľadnica (4 čiastkové pohľady)  |b farebná  |c 11 x 15 cm 
520 8 |a Zobrazenie: 
651 7 |a Bardejov (Slovensko)  |2 SNKPHgeo  |9 20040 
655 7 |a pohľadnice kultúrnych pamiatok  |2 SNKPH  |9 70523 
655 7 |a miestne pohľadnice  |2 SNKPH  |9 70510 
700 1 |a Štubňa, Stanislav  |c (grafik)  |4 art  |9 283307 
958 |a GBN 
958 |a GC 
958 |a OND 
999 |c 644692  |d 646622 
952 |a SNK  |b SNK  |y PREZ  |7 0  |p 17A1280980  |o snkSP 141921  |i snk1329/90  |0 0  |1 0  |4 0  |d 2021-08-10  |l 0  |r 2026-02-23 18:03:49  |w 2026-02-23 
952 |a SNK  |b SNK  |y PREZ  |7 0  |p 17A1280979  |o snkSP 141921 D1  |i snk1330/90  |0 0  |1 0  |4 0  |d 2021-08-10  |l 0  |r 2026-02-23 18:03:49  |w 2026-02-23